| 000 | 00881nam a22002417a 4500 | ||
|---|---|---|---|
| 999 |
_c2876 _d2876 |
||
| 003 | AR-CdUCM | ||
| 008 | 190305b ||||| |||| 00| 0 spa d | ||
| 040 |
_aMUNICIPALIDAD PROVINCIAL DEL CUSCO _cBIBLIOTECA MUNICIPAL DEL CUSCO |
||
| 082 |
_a370.82 / _bN29 |
||
| 100 |
_aNavarro, Maria Luisa _99940 |
||
| 245 | _aAntología de Rousseau / | ||
| 260 |
_aBuenos Aires : _bLosada, _c1946. |
||
| 300 |
_a107 paginas ; _c18cm. |
||
| 500 | _aPublicaciones de la revista de pedagogia Textos pedagogicos | ||
| 505 | _aContenido- La educación y sus clases -- La primera educación -- La educación activa -- Resultados de la educación -- La educación ulterior... | ||
| 650 |
_aEducación Natural _99941 |
||
| 650 |
_aAntologia _9142 |
||
| 650 |
_aLiteratura _983 |
||
| 650 |
_aTextos Argentinos _99942 |
||
| 700 |
_aLuzuriaga, Lorenzo _96575 |
||
| 942 |
_2ddc _cLIBROS |
||
| 945 | _apjha | ||